| 000 | 00922nam a2200277 a 4500 | ||
|---|---|---|---|
| 001 | 1939432 | ||
| 003 | AM-YEHGA | ||
| 005 | 20251201151018.0 | ||
| 008 | 240126s2023 ai a||||||||||||||0|eng|d | ||
| 020 | _a9785808015197 | ||
| 040 | _aAM-YeHGA | ||
| 041 | 0 | _aeng | |
| 245 | 0 | 0 |
_aIndigenous flora as a source of arid ornamental horticulture in Armenia / _cJ. Akopian, A. Ghukasyan, A. Elbakyan, L. Martirosyan ; NAS RA ; A. Takhtajan Institute of Botany. |
| 260 |
_aYerevan : _bGitutiun, _c2023. |
||
| 300 |
_a213 p. : _bill. |
||
| 504 | _aBibliogr.: p. 211-213. | ||
| 650 | 1 | 4 |
_aBiology _zArmenia |
| 650 | 1 | 4 |
_aFloriculture _zArmenia |
| 700 | 1 | _aAkopian, Janna | |
| 700 | 1 | _aGhukasyan, Anahit | |
| 700 | 1 | _aElbakyan, Araksya | |
| 700 | 1 | _aMartirosyan, Lora | |
| 710 | 2 |
_aNational Academy of Sciences of the Republic of Armenia. _bA. Takhtajan Institute of Botany |
|
| 942 |
_2udc _cBK _01 |
||
| 090 | _c567813 | ||
| 999 |
_c529392 _d529392 |
||